000 00373nam a2200157Ia 4500
003 Ost
005 20260225132539.0
008 260225s9999||||xx |||||||||||||| ||und||
040 _cfsic
041 _afre
082 _a327.1
100 _aJean jaques roche
_eAuteur
245 0 _aThéories des relations international /
245 0 _cJean jaques roche
942 _cكتاب
999 _c33399
_d33399